Routledge handbook of environmental policy in China (Record no. 83333)

MARC details
000 -LEADER
fixed length control field 00855 a2200277 4500
003 - CONTROL NUMBER IDENTIFIER
control field CBULib
005 - DATE AND TIME OF LATEST TRANSACTION
control field 20240228154557.0
008 - FIXED-LENGTH DATA ELEMENTS--GENERAL INFORMATION
fixed length control field 231215b |||||||| |||| 00| 0 eng d
020 ## - INTERNATIONAL STANDARD BOOK NUMBER
International Standard Book Number 9781138831117
040 ## - CATALOGING SOURCE
Language of cataloging English
Transcribing agency CBULib
Description conventions rda
041 ## - LANGUAGE CODE
Language code of text/sound track or separate title eng
050 ## - LIBRARY OF CONGRESS CALL NUMBER
Classification number GE190.C6 Rou
100 ## - MAIN ENTRY--PERSONAL NAME
Personal name Sternfeld, Eva
245 ## - TITLE STATEMENT
Title Routledge handbook of environmental policy in China
Statement of responsibility, etc / edited by Eva Sternfeld
260 ## - PUBLICATION, DISTRIBUTION, ETC. (IMPRINT)
Name of publisher, distributor, etc Routledge,
Date of publication, distribution, etc 2017.
Place of publication, distribution, etc New York :
300 ## - PHYSICAL DESCRIPTION
Extent xxiii, 384 pages : illustrations
336 ## - CONTENT TYPE
Source rdacontent
Content type term Text |
Content type code txt
337 ## - MEDIA TYPE
Source rdamedia
Media type term Unmediated |
Media type code n
338 ## - CARRIER TYPE
Source rdacarrier
Carrier type term Volume
Carrier type code nc
504 ## - BIBLIOGRAPHY, ETC. NOTE
Bibliography, etc Includes index
650 #0 - SUBJECT ADDED ENTRY--TOPICAL TERM
9 (RLIN) 1064
Topical term or geographic name as entry element CHINA
650 #0 - SUBJECT ADDED ENTRY--TOPICAL TERM
9 (RLIN) 1401
Topical term or geographic name as entry element CHINA ENVIRONMENTAL CONDITIONS
650 #0 - SUBJECT ADDED ENTRY--TOPICAL TERM
9 (RLIN) 1402
Topical term or geographic name as entry element ENVIRONMENTAL PROTECTION CHINA
650 #0 - SUBJECT ADDED ENTRY--TOPICAL TERM
9 (RLIN) 1403
Topical term or geographic name as entry element ENVIRONMENTAL POLICY CHINA
942 ## - ADDED ENTRY ELEMENTS (KOHA)
Source of classification or shelving scheme
Koha item type MONOGRAPH
Holdings
Withdrawn status Lost status Source of classification or shelving scheme Damaged status Not for loan Collection code Permanent Location Current Location Shelving location Date acquired Source of acquisition Cost, normal purchase price Full call number Barcode Date last seen Copy number Price effective from Koha item type
          Main Library Open Access Collection CBU-MAIN LIBRARY, KITWE. CBU-MAIN LIBRARY, KITWE. General Stacks 12/15/2023 Book Aid International 270.00 GE 190.C6 Rou 752576 12/15/2023 1 12/15/2023 MONOGRAPH
          Main Library Open Access Collection CBU-MAIN LIBRARY, KITWE. CBU-MAIN LIBRARY, KITWE. General Stacks 12/15/2023 Book Aid International 270.00 GE 190.C6 Rou 752577 12/15/2023 2 12/15/2023 MONOGRAPH